|
|
|
|
| LEADER |
01118nam a2200265 a 4500 |
| 001 |
GR-MES4641 |
| 008 |
991111s gr 000 b eng d |
| 020 |
|
|
|a 0865424691
|
| 040 |
|
|
|a GrPaTEI
|b gre
|c GR-PaULI
|
| 245 |
0 |
0 |
|a Water quality :
|b Management of a nutural recource.
|
| 260 |
|
|
|a Biddeford :
|b Blackwell
|
| 300 |
|
|
|a 639σελ. :
|b πιν.,σχεδ.,σχημ.,εικ.
|
| 500 |
|
|
|a Περιέχει σημειώσεις
|
| 650 |
|
4 |
|a ΛΙΜΝΕΣ
|
| 650 |
|
4 |
|a Μάνατζμεντ
|
| 650 |
|
4 |
|a Νερό
|
| 650 |
|
4 |
|a ΠΟΤΑΜΙΑ
|
| 650 |
|
4 |
|a Φυσικοί πόροι
|
| 700 |
1 |
|
|a Perry, J.
|
| 700 |
1 |
|
|a Vanderklein, E.
|
| 942 |
|
|
|2 ddc
|
| 952 |
|
|
|0 0
|1 0
|2 ddc
|4 0
|6 333_910000000000000_PER
|7 0
|9 269277
|a MSLG
|b MSLG
|c BSC
|d 2021-01-17
|e 24
|f 0
|g 0.00
|l 0
|o 333.91 PER
|p 2420000014471
|r 2021-01-17 00:00:00
|t 1
|w 2021-01-17
|y BK15
|x 19991111 0 1
|x GrPaTEI
|
| 952 |
|
|
|0 0
|1 0
|2 ddc
|4 0
|6 333_910000000000000_PER
|7 0
|9 269278
|a MSLG
|b MSLG
|c BSC
|d 2021-01-17
|e 24
|f 0
|g 0.00
|l 0
|o 333.91 PER
|p 2420000015268
|r 2021-01-17 00:00:00
|t 1
|w 2021-01-17
|y BK15
|x 19991111 0 1
|x GrPaTEI
|
| 971 |
|
|
|a .b25756874
|b 15-04-20
|c 13-09-16
|
| 999 |
|
|
|c 155325
|d 155325
|